Les éléments français de la Mémoire du monde selon l'UNESCO - Statistiques

Statistiques générales
  • Ce quiz a été pris 10 fois
  • Le résultat moyen est 6 sur 20
Statistiques - réponses
Hint Réponse % Correct
2003 Proclamation de 1789 Déclaration des droits de l'{homme} et du {citoyen}
90%
2005 Intervention radio L'appel du {18 juin} 1940
90%
2005 Système d'unités Création du système {métrique} en 1790
80%
2005 Courts métrages Films des Frères {Lumière} réalisés entre 1896 et 1900
80%
2015 Scientifique Les archives de Louis {Pasteur}
70%
2023 Registre de personnes Registre des {esclaves} dans les anciennes colonies françaises (avec Haïti)
40%
2023 Film {Shoah} de Claude Lanzmann (avec l'Allemagne}
30%
2023 Livre Exemplaire dit de Bordeaux des {Essais} de Montaigne
30%
2007 Broderie La tapisserie de {Bayeux}
30%
2023 Tapisserie La tenture de l'{Apocalypse}
30%
2023 Sciences Les archives des Conseils internationaux de physique et de {chimie} Solvay (avec la Belgique)
10%
2023 Afrique Les archives du mouvement ATD Quart Monde en France et au {Burkina Faso}
10%
2017 Livres Les archives du Père {Castor}
10%
2009 Bibliothèque Bibliothèque de l'abbaye cistercienne de {Claivaux}
0%
2009 Bibliothèque Collection {Beatus Rhenanus} de la bibliothèque de Sélestat
0%
2005 Bibliothèque La Bibliotheca {Corviniana} (avec l'Allemagne, l'Autriche, la Belgique, la Hongrie et l'Italie)
0%
2023 Manuscrits Les manuscrits {enluminés} de l'école du palais de {Charlemagne} (avec l'Allemagne, l'Autriche, la Roumanie et le Royaume-Uni)
0%
2015 Spectacles Les spectacles de {pantomimes lumineuses} d'Emile Reynaud (avec la Tchéquie)
0%
2015 Carte La {mappa mundi} d'Albi
0%
2011 Manuscrit Registre des {bannières} du {Châtelet} de Paris sous François 1er
0%
Aucun quiz correspondant
Distribution des résultats
% des personnes avec chaque résultat
Percentile par nombre de réponses
Votre historique - résultats
Vous n’avez pas pris ce quiz